Determinants of Successful Labour Market Reintegration of Highly Educated Return Migrants in Slovakia
Štúdia faktorov prispievajúcich k úspešnej reintegrácii návratných migrantov na Slovensko v roku 2005. Motivácia a podmienky návratu a vplyv na skúsenosti po návrate z hľadiska integrácie trhu práce. Operativizácia úspechu a neúspechu návratu.
Gespeichert in:
| 1. Verfasser: | |
|---|---|
| Weitere Verfasser: | |
| Format: | Buchkapitel |
| Sprache: | Englisch |
| Schlagworte: | |
| Tags: |
Keine Tags, Fügen Sie das erste Tag hinzu!
|
MARC
| LEADER | 00000naa a2200000 4500 | ||
|---|---|---|---|
| 001 | 0272981 | ||
| 005 | 20210413103303.8 | ||
| 041 | 0 | |a eng | |
| 044 | |a SK | ||
| 245 | 1 | 0 | |a Determinants of Successful Labour Market Reintegration of Highly Educated Return Migrants in Slovakia |c Lucia Mýtna Kureková, Zuzana Žilinčíková |
| 520 | |a Štúdia faktorov prispievajúcich k úspešnej reintegrácii návratných migrantov na Slovensko v roku 2005. Motivácia a podmienky návratu a vplyv na skúsenosti po návrate z hľadiska integrácie trhu práce. Operativizácia úspechu a neúspechu návratu. | ||
| 610 | 2 | 0 | |a trh práce |
| 610 | 2 | 0 | |a integrácia |
| 610 | 2 | 0 | |a práca |
| 610 | 2 | 0 | |a migrácia |
| 610 | 2 | 0 | |a Slovensko |
| 100 | 1 | |a Mýtna Kureková, Lucia | |
| 700 | 1 | |a Žilinčíková, Zuzana | |